[Event "Titled Tuesday 2020.12.15"]
[Site "chess.com INT"]
[Date "2020.12.15"]
[Round "11"]
[White "Hambleton, Aman"]
[Black "Gogolev, A."]
[Result "1-0"]
[WhiteElo "2454"]
[BlackElo "2306"]
[PlyCount "79"]
[EventDate "2020.12.15"]
[EventType "swiss (blitz)"]
[EventRounds "11"]
[EventCountry "NET"]
[Source "Mark Crowther"]
[SourceDate "2020.12.21"]

1. d4 Nf6 2. c4 g6 3. Nc3 d6 4. e4 Bg7 5. Bd3 O-O 6. Nge2 c5 7. d5 e6 8. h3
exd5 9. exd5 Re8 10. O-O Nbd7 11. f4 a6 12. a4 Nf8 13. Bd2 Qb6 14. Qc2 Bd7 15.
b3 Re7 16. Kh2 Rae8 17. Ng1 h5 18. Nf3 Qc7 19. a5 Qc8 20. Rab1 Bf5 21. Bxf5
gxf5 22. Nh4 Ne4 23. Nxe4 Rxe4 24. Qd1 Rd4 25. Rf2 Ng6 26. Qxh5 Nxh4 27. Qxh4
Rd3 28. Qh5 Re4 29. Rbf1 Qd7 30. Bc1 Rxb3 31. Rf3 Rxf3 32. Rxf3 Qe7 33. Rg3 Qf6
34. Bd2 Rxc4 35. Rg5 Kf8 36. Rxf5 Qe7 37. Rg5 Rc2 38. Qh7 Qf6 39. Be3 Re2 40.
Rg3 1-0

[Event "Titled Tuesday 2020.06.09"]
[Site "chess.com INT"]
[Date "2020.06.09"]
[Round "5"]
[White "Hambleton, Aman"]
[Black "De Borba, Guilherme"]
[Result "1-0"]
[WhiteElo "2454"]
[BlackElo "2279"]
[PlyCount "85"]
[EventDate "2020.06.09"]
[EventType "swiss"]
[EventRounds "10"]
[EventCountry "NET"]
[Source "ChessMix"]
[SourceDate "2020.06.20"]

1. d4 Nf6 2. c4 e6 3. Nc3 Bb4 4. e3 O-O 5. Nge2 c6 6. a3 Ba5 7. Ng3 d5 8. Bd2
Bc7 9. f4 Nbd7 10. c5 b6 11. b4 a5 12. Bd3 Ba6 13. Bxa6 Rxa6 14. O-O axb4 15.
axb4 Qa8 16. Rb1 b5 17. Qc2 Qa7 18. h3 Ra8 19. Nh1 Ne4 20. Nxe4 dxe4 21. Qxe4
Nf6 22. Qf3 Ra2 23. Be1 Nd5 24. f5 exf5 25. e4 Ne7 26. d5 Be5 27. d6 Bd4+ 28.
Bf2 fxe4 29. Qxe4 Bxf2+ 30. Rxf2 Nd5 31. Rbf1 Rxf2 32. Nxf2 Qd7 33. Nd3 f6 34.
Re1 h6 35. Nf4 Nxf4 36. Qxf4 Kf7 37. Re7+ Qxe7 38. dxe7 Kxe7 39. Qd6+ Kf7 40.
Qxc6 Re8 41. Qxb5 Re1+ 42. Kh2 Re7 43. c6 1-0

[Event "Prague Festival op"]
[Site "Prague CZE"]
[Date "2020.02.14"]
[Round "1"]
[White "Gurack, Daniel"]
[Black "Hambleton, Aman"]
[Result "1/2-1/2"]
[WhiteElo "2064"]
[BlackElo "2469"]
[PlyCount "92"]
[EventDate "2020.02.14"]
[EventType "swiss"]
[EventRounds "9"]
[EventCountry "CZE"]

1. e4 c5 2. Nf3 e6 3. c3 Nf6 4. e5 Nd5 5. d4 cxd4 6. cxd4 d6 7. Bb5+ Bd7 8.
Bxd7+ Qxd7 9. O-O Nc6 10. Bd2 dxe5 11. dxe5 Be7 12. a3 O-O 13. Nc3 Rfd8 14. Qe2
Nxc3 15. Bxc3 Qd5 16. Rfd1 Qb3 17. Nd2 Qb6 18. Nf3 Qb3 19. Nd2 Qa4 20. Qc4 Qxc4
21. Nxc4 Rac8 22. Kf1 Kf8 23. Ke2 b5 24. Rxd8+ Rxd8 25. Na5 Nxa5 26. Bxa5 Rc8
27. Rd1 Ke8 28. Rd3 Rc2+ 29. Rd2 Rc4 30. Kd3 Kd7 31. b3 Rc1 32. a4 bxa4 33.
bxa4 Ra1 34. Kc3+ Kc6 35. Rc2 Rxa4 36. Kb3+ Kb5 37. Rc7 Rf4 38. Bd2 Rxf2 39.
Be3 Re2 40. Bxa7 Bd8 41. Rxf7 Rxg2 42. Rd7 Bh4 43. Rd6 Rxh2 44. Rb6+ Kc5 45.
Rxe6+ Kb5 46. Rb6+ Kc5 1/2-1/2

[Event "Prague Festival op"]
[Site "Prague CZE"]
[Date "2020.02.16"]
[Round "3"]
[White "Obsivac, Josef"]
[Black "Hambleton, Aman"]
[Result "0-1"]
[WhiteElo "2267"]
[BlackElo "2469"]
[PlyCount "80"]
[EventDate "2020.02.14"]
[EventType "swiss"]
[EventRounds "9"]
[EventCountry "CZE"]

1. d4 Nf6 2. c4 e6 3. Nf3 b6 4. g3 Ba6 5. Qc2 c6 6. Bg2 d5 7. b3 Be7 8. O-O
Nbd7 9. Bb2 Rc8 10. Nbd2 O-O 11. a4 c5 12. e3 cxd4 13. exd4 Bb4 14. Rfd1 Qe7
15. Bf1 Nb8 16. Ne5 Nc6 17. Bd3 Na5 18. Nb1 Rfd8 19. Na3 Bb7 20. Bf1 Ne4 21. f3
Nd2 22. Rxd2 Bxd2 23. Qxd2 Nxb3 24. Qc3 Nxa1 25. Bxa1 dxc4 26. Nexc4 Bd5 27.
Kf2 Rd7 28. Qb2 Qf6 29. Be2 h5 30. Ne3 h4 31. Nac4 hxg3+ 32. hxg3 Qh6 33. Kg2
Rdc7 34. Qb4 Bxc4 35. Nxc4 Qc1 36. Bc3 Qc2 37. Kf1 a5 38. Qxb6 Rxc4 39. Bxc4
Qxc3 40. Be2 Qe3 0-1

[Event "Prague Festival op"]
[Site "Prague CZE"]
[Date "2020.02.17"]
[Round "4"]
[White "Hambleton, Aman"]
[Black "Rudolf, Michal"]
[Result "0-1"]
[WhiteElo "2469"]
[BlackElo "2356"]
[PlyCount "62"]
[EventDate "2020.02.14"]
[EventType "swiss"]
[EventRounds "9"]
[EventCountry "CZE"]

1. d4 Nf6 2. c4 e6 3. Nc3 Bb4 4. Qc2 O-O 5. Nf3 d5 6. cxd5 exd5 7. Bg5 h6 8.
Bh4 g5 9. Bg3 Ne4 10. e3 Bf5 11. Bd3 c5 12. dxc5 Na6 13. Nd4 Bg6 14. f3 Nxc3
15. Bxg6 Ne4+ 16. Ke2 fxg6 17. fxe4 Bxc5 18. Qb3 Re8 19. Rhd1 Rxe4 20. Qxb7 Qe8
21. Nf3 Nb4 22. Be5 Rxe3+ 23. Kd2 Rd3+ 24. Ke2 Re3+ 25. Kd2 Rxe5 26. Nxe5 Rb8
27. Qc7 Na6 28. Qc6 Rxb2+ 29. Kc1 Rc2+ 30. Kb1 Qb8+ 31. Kxc2 Nb4+ 0-1

[Event "Prague Festival op"]
[Site "Prague CZE"]
[Date "2020.02.18"]
[Round "5"]
[White "Hambleton, Aman"]
[Black "Docekal, Jan"]
[Result "1-0"]
[WhiteElo "2469"]
[BlackElo "2251"]
[PlyCount "71"]
[EventDate "2020.02.14"]
[EventType "swiss"]
[EventRounds "9"]
[EventCountry "CZE"]

1. d4 c5 2. d5 e6 3. c4 exd5 4. cxd5 d6 5. Nc3 Nf6 6. e4 g6 7. h3 Bg7 8. Nf3
O-O 9. Bd3 b5 10. Nxb5 Nxe4 11. Bxe4 Re8 12. Ng5 Qa5+ 13. Nc3 Ba6 14. f3 f5 15.
Kf2 fxe4 16. Ncxe4 Nd7 17. Ne6 Be5 18. Bd2 Qb6 19. Bc3 Re7 20. Re1 Bxc3 21.
bxc3 Ne5 22. Rb1 Qa5 23. Kg1 Bd3 24. Nf6+ Kf7 25. f4 Bxb1 26. fxe5 Bf5 27. Qf3
dxe5 28. g4 Kxf6 29. gxf5 gxf5 30. Rf1 Rg8+ 31. Kh1 f4 32. Nxf4 Kg7 33. Nh5+
Kg6 34. Qd3+ Kxh5 35. Rf5+ Kh4 36. Qe4+ 1-0

[Event "Prague Festival op"]
[Site "Prague CZE"]
[Date "2020.02.19"]
[Round "6"]
[White "Ceres, Dragos"]
[Black "Hambleton, Aman"]
[Result "1-0"]
[WhiteElo "2270"]
[BlackElo "2469"]
[PlyCount "101"]
[EventDate "2020.02.14"]
[EventType "swiss"]
[EventRounds "9"]
[EventCountry "CZE"]

1. e4 c5 2. Nf3 e6 3. d4 cxd4 4. Nxd4 Nc6 5. Nc3 Qc7 6. Be3 a6 7. a3 b5 8. Nxc6
Qxc6 9. Be2 Bb7 10. O-O Rc8 11. Qd2 Nf6 12. Bf3 Qd6 13. Qxd6 Bxd6 14. e5 Bxf3
15. exd6 Bb7 16. Rad1 Nd5 17. Nxd5 Bxd5 18. c3 f6 19. Rfe1 Kf7 20. Bf4 Bb3 21.
Rd2 g5 22. Be3 e5 23. Bb6 Rc6 24. Bc7 Ra8 25. Re4 a5 26. g3 Ke6 27. Re3 Rg8 28.
f3 a4 29. Kf2 Kf5 30. Re4 h5 31. h3 g4 32. hxg4+ hxg4 33. Rxg4 Rxg4 34. fxg4+
Kxg4 35. Bd8 Rc8 36. Be7 Rh8 37. Kg1 f5 38. Bf6 Re8 39. Kf2 Re6 40. Bg7 Bc4 41.
Rd1 e4 42. Ke3 Kxg3 43. Rg1+ Kh2 44. Rg5 f4+ 45. Kxf4 e3 46. Be5 Kh3 47. Rg3+
Kh4 48. Rxe3 Rg6 49. Kf5 Rg5+ 50. Kf6 Be6 51. Ke7 1-0

[Event "Prague Festival op"]
[Site "Prague CZE"]
[Date "2020.02.21"]
[Round "8"]
[White "Hambleton, Aman"]
[Black "Sanz Wawer, Daniel"]
[Result "1-0"]
[WhiteElo "2469"]
[BlackElo "2266"]
[PlyCount "109"]
[EventDate "2020.02.14"]
[EventType "swiss"]
[EventRounds "9"]
[EventCountry "CZE"]

1. d4 Nf6 2. Bf4 e6 3. e3 d5 4. Nf3 c5 5. c3 Nc6 6. Nbd2 cxd4 7. exd4 Nh5 8.
Bg5 Be7 9. Bxe7 Qxe7 10. Bb5 Bd7 11. O-O O-O 12. Re1 Nf4 13. Bf1 Qf6 14. g3 Ng6
15. Bg2 Rad8 16. Nf1 Nge7 17. Ne3 h5 18. h4 Nf5 19. Ng5 Nxe3 20. fxe3 Qh6 21.
e4 Ne7 22. e5 Nf5 23. Kh2 Rde8 24. Qd3 Qg6 25. Rad1 Kh8 26. Bh3 Ne7 27. Qxg6
Nxg6 28. Re3 f5 29. exf6 Rxf6 30. Kg1 Kg8 31. Rde1 Nf8 32. Re5 g6 33. Kg2 Kg7
34. R5e3 b5 35. g4 a5 36. Kg3 Re7 37. Bg2 Bc6 38. gxh5 gxh5 39. Bf3 Rh6 40. Re5
Kf6 41. Nh3 Ng6 42. Rxh5 Reh7 43. Rxe6+ Kxe6 44. Ng5+ Kf5 45. Bg4+ Kf6 46.
Nxh7+ Kg7 47. Ng5 b4 48. Rxh6 Kxh6 49. Nf7+ Kg7 50. Ne5 Ne7 51. cxb4 axb4 52.
Nd3 b3 53. axb3 Kf6 54. Ne5 Be8 55. Kf4 1-0

[Event "London Classic op"]
[Site "London ENG"]
[Date "2017.12.02"]
[Round "1.28"]
[White "Hambleton, Aman"]
[Black "Gudenas, Motiejus"]
[Result "1-0"]
[WhiteElo "2474"]
[BlackElo "2023"]
[PlyCount "53"]
[EventDate "2017.12.02"]
[EventType "swiss"]
[EventRounds "9"]
[EventCountry "ENG"]
[Source "Chess Mix"]
[SourceDate "2017.12.20"]

1. c4 e5 2. g3 Nf6 3. Bg2 Bc5 4. Nc3 O-O 5. Nf3 Nc6 6. O-O Re8 7. e3 d6 8. d4
Bb6 9. h3 Bf5 10. g4 Bg6 11. b3 Qe7 12. Bb2 Rad8 13. g5 Nh5 14. Nd5 Qd7 15.
dxe5 dxe5 16. Nh4 f6 17. gxf6 gxf6 18. Nxg6 hxg6 19. Qxh5 gxh5 20. Nxf6+ Kf7
21. Nxd7 Rxd7 22. Rfd1 Red8 23. Rxd7+ Rxd7 24. Be4 Kf6 25. Kf1 Ba5 26. a3 Rd2
27. Rb1 1-0

[Event "London Classic op"]
[Site "London ENG"]
[Date "2017.12.03"]
[Round "2.27"]
[White "Guelsen, Taylan"]
[Black "Hambleton, Aman"]
[Result "1/2-1/2"]
[WhiteElo "2213"]
[BlackElo "2474"]
[PlyCount "142"]
[EventDate "2017.12.02"]
[EventType "swiss"]
[EventRounds "9"]
[EventCountry "ENG"]
[Source "Chess Mix"]
[SourceDate "2017.12.20"]

1. d4 Nf6 2. Bf4 d5 3. e3 c5 4. dxc5 e6 5. b4 a5 6. c3 axb4 7. cxb4 b6 8. Bxb8
Rxb8 9. Bb5+ Ke7 10. c6 Qd6 11. a3 g6 12. Nd2 Ne8 13. Rc1 Nc7 14. Be2 Bg7 15.
Qb3 b5 16. Ngf3 Rb6 17. O-O Rxc6 18. Nd4 Rxc1 19. Rxc1 Bd7 20. Qc3 Rc8 21. Nf5+
exf5 22. Qxg7 Ne6 23. Qb2 Rxc1+ 24. Qxc1 f4 25. Nf3 d4 26. Nxd4 Nxd4 27. exd4
Qxd4 28. Kf1 Kd6 29. Bf3 g5 30. Ke1 Qe5+ 31. Kf1 h6 32. Qd1+ Ke7 33. h3 Be6 34.
Qc1 Bc4+ 35. Kg1 Qd4 36. Bc6 Kd6 37. Bf3 Ke7 38. Bc6 h5 39. a4 bxa4 40. Bxa4 g4
41. hxg4 hxg4 42. Qd1 Qxd1+ 43. Bxd1 g3 44. Ba4 f6 45. Bd1 Bb5 46. Bf3 Kd6 47.
Bh5 Ke5 48. fxg3 fxg3 49. Bd1 Kd4 50. Bh5 Kc3 51. Bd1 Kxb4 52. Bh5 Kc3 53. Bd1
Kd2 54. Bh5 Be2 55. Be8 Ke3 56. Bc6 f5 57. Bd7 f4 58. Bc6 Bd3 59. Be8 Ba6 60.
Bc6 Be2 61. Be8 Bg4 62. Bc6 Bf5 63. Bf3 Be4 64. Bh5 Bd5 65. Bg4 Kd2 66. Bh5 Ke3
67. Bg4 f3 68. gxf3 Bxf3 69. Bxf3 Kxf3 70. Kf1 g2+ 71. Kg1 Kg3 1/2-1/2

[Event "London Classic op"]
[Site "London ENG"]
[Date "2017.12.03"]
[Round "3.26"]
[White "Hambleton, Aman"]
[Black "Ilfeld, Etan"]
[Result "1/2-1/2"]
[WhiteElo "2474"]
[BlackElo "2186"]
[PlyCount "115"]
[EventDate "2017.12.02"]
[EventType "swiss"]
[EventRounds "9"]
[EventCountry "ENG"]
[Source "Chess Mix"]
[SourceDate "2017.12.20"]

1. d4 d5 2. Bf4 Nf6 3. e3 Bf5 4. c4 c6 5. Nc3 e6 6. Qb3 b6 7. Bxb8 Rxb8 8. cxd5
exd5 9. Qa4 b5 10. Qd1 Bb4 11. Bd3 Bxc3+ 12. bxc3 Bxd3 13. Qxd3 O-O 14. Ne2 Re8
15. O-O Ne4 16. f3 Nd6 17. Ng3 f5 18. Rae1 Qg5 19. Rf2 Re6 20. Nf1 Rbe8 21.
Rfe2 Nc4 22. h3 Qg6 23. Kf2 a5 24. Nh2 a4 25. Nf1 Rf8 26. Kg1 Rfe8 27. Kh2 R8e7
28. Ng3 Nd6 29. Qc2 Re8 30. Nf1 Nc4 31. Qd3 R8e7 32. Ng3 Nd6 33. Qb1 Re8 34.
Qc1 Nc4 35. Nf1 R8e7 36. Qb1 Re8 37. Kg1 R8e7 38. Kf2 Re8 39. Qd3 R8e7 40. g4
Nd6 41. Kg1 fxg4 42. Qxg6 Rxg6 43. hxg4 h5 44. Nh2 Rf7 45. Rf1 hxg4 46. Nxg4
Ne4 47. Rg2 Nxc3 48. a3 b4 49. axb4 a3 50. Ne5 Rxg2+ 51. Kxg2 a2 52. Ra1 Ra7
53. Nxc6 Ra3 54. Na5 Ra4 55. Nc6 Ra3 56. Na5 Ra4 57. Nc6 Ra3 58. Na5 1/2-1/2

[Event "London Classic op"]
[Site "London ENG"]
[Date "2017.12.04"]
[Round "4.27"]
[White "Lercel, Michal"]
[Black "Hambleton, Aman"]
[Result "0-1"]
[WhiteElo "2244"]
[BlackElo "2474"]
[PlyCount "60"]
[EventDate "2017.12.02"]
[EventType "swiss"]
[EventRounds "9"]
[EventCountry "ENG"]
[Source "Chess Mix"]
[SourceDate "2017.12.20"]

1. e4 c5 2. Nf3 e6 3. d3 d5 4. Nbd2 Bd6 5. g3 Nc6 6. Bg2 Nge7 7. O-O O-O 8. Nh4
f6 9. f4 Bd7 10. exd5 exd5 11. c3 Be6 12. Re1 Qd7 13. Qe2 Bf7 14. Ndf3 h6 15.
f5 Rfe8 16. Qf1 d4 17. c4 Nb4 18. Re2 b5 19. Ne1 bxc4 20. dxc4 Nec6 21. a3 Rxe2
22. Qxe2 Re8 23. Qd1 Rxe1+ 24. Qxe1 Nc2 25. Qd1 Nxa1 26. Bd2 Ne5 27. Qxa1 Nxc4
28. Bc1 d3 29. b3 Be5 30. Qa2 d2 0-1

[Event "London Classic op"]
[Site "London ENG"]
[Date "2017.12.05"]
[Round "5.21"]
[White "Hambleton, Aman"]
[Black "Derakhshani, Borna"]
[Result "1-0"]
[WhiteElo "2474"]
[BlackElo "2298"]
[PlyCount "103"]
[EventDate "2017.12.02"]
[EventType "swiss"]
[EventRounds "9"]
[EventCountry "ENG"]
[Source "Chess Mix"]
[SourceDate "2017.12.20"]

1. c4 e5 2. g3 Nf6 3. Bg2 d5 4. cxd5 Nxd5 5. Nc3 Nb6 6. e3 Nc6 7. Nge2 Be7 8.
O-O O-O 9. f4 f6 10. b3 a5 11. Bb2 Be6 12. fxe5 fxe5 13. Rxf8+ Bxf8 14. Be4 Nd7
15. Na4 Bg4 16. Qe1 Qe8 17. Nec3 Nf6 18. Bg2 Rd8 19. h3 Be6 20. Rd1 Nb4 21. Qe2
Nd3 22. Ba1 Qg6 23. Qf3 Bd7 24. Nd5 Bc6 25. Nxf6+ gxf6 26. Qg4 Qxg4 27. hxg4
Bxa4 28. bxa4 Nc5 29. Kf1 b6 30. Ke2 Nxa4 31. g5 fxg5 32. Bxe5 Bg7 33. Bxc7 Rc8
34. Bd6 Bf6 35. Be4 Rd8 36. Ba3 b5 37. Bc6 b4 38. Bxb4 axb4 39. Bxa4 h5 40. Rh1
h4 41. gxh4 gxh4 42. d4 Kg7 43. Kd3 Kg6 44. Kc4 Be7 45. e4 Kg5 46. e5 Kf4 47.
Rf1+ Ke3 48. d5 h3 49. d6 Bh4 50. Rh1 Ke4 51. Rxh3 Bg5 52. Rh5 1-0

[Event "London Classic op"]
[Site "London ENG"]
[Date "2017.12.06"]
[Round "6.4"]
[White "Motylev, Alexander"]
[Black "Hambleton, Aman"]
[Result "1/2-1/2"]
[WhiteElo "2675"]
[BlackElo "2474"]
[PlyCount "143"]
[EventDate "2017.12.02"]
[EventType "swiss"]
[EventRounds "9"]
[EventCountry "ENG"]
[Source "Chess Mix"]
[SourceDate "2017.12.20"]

1. e4 c5 2. Nf3 e6 3. d4 cxd4 4. Nxd4 Nc6 5. Nc3 Qc7 6. Be3 a6 7. a3 b5 8. Nxc6
Qxc6 9. Be2 Bb7 10. O-O Bd6 11. Qd4 e5 12. Qd3 Nf6 13. Rad1 Bc5 14. Nd5 Nxd5
15. exd5 Qd6 16. Bxc5 Qxc5 17. c4 bxc4 18. Qxc4 Qxc4 19. Bxc4 Rc8 20. Bd3 Rc5
21. d6 O-O 22. Rfe1 g6 23. b4 Rd5 24. Bc2 Rxd1 25. Rxd1 Bc6 26. Re1 f6 27. Rc1
a5 28. bxa5 Ra8 29. Bb3+ Kf8 30. Rc5 Rb8 31. Bc2 Kf7 32. f4 Ke6 33. fxe5 fxe5
34. a6 Kxd6 35. Ra5 Rb2 36. a7 Ba8 37. Bd3 Rxg2+ 38. Kf1 Rb2 39. Bc4 Rd2 40.
Rb5 Rc2 41. Bg8 Rc7 42. Ra5 h6 43. h4 Rc8 44. Bb3 g5 45. hxg5 hxg5 46. Kf2 Rf8+
47. Kg1 g4 48. Rb5 Rc8 49. Rb8 Kc7 50. Rb5 g3 51. Bd5 Bxd5 52. Rxd5 d6 53. Kg2
Ra8 54. Ra5 Kb6 55. Rd5 Kc6 56. Ra5 Kb7 57. Rd5 Rd8 58. Ra5 Rg8 59. Rd5 Rg6 60.
Ra5 Ka8 61. Ra4 Rg7 62. Ra6 Rg6 63. Ra4 Rg7 64. Ra6 Rxa7 65. Rxd6 Rxa3 66. Re6
Re3 67. Re7 Kb8 68. Rg7 e4 69. Rxg3 Rxg3+ 70. Kxg3 e3 71. Kf3 e2 72. Kxe2
1/2-1/2

[Event "London Classic op"]
[Site "London ENG"]
[Date "2017.12.07"]
[Round "7.15"]
[White "Hambleton, Aman"]
[Black "Martins, David Pires Tavares"]
[Result "1-0"]
[WhiteElo "2474"]
[BlackElo "2400"]
[PlyCount "55"]
[EventDate "2017.12.02"]
[EventType "swiss"]
[EventRounds "9"]
[EventCountry "ENG"]
[Source "Chess Mix"]
[SourceDate "2017.12.20"]

1. d4 e6 2. c4 f5 3. g3 Nf6 4. Bg2 d5 5. Nh3 c6 6. O-O Bd6 7. Bf4 O-O 8. Nd2
Be7 9. Nf3 Ne4 10. Qc1 Nd7 11. Rd1 h6 12. Ne5 Qe8 13. f3 Nef6 14. Nd3 g5 15.
Bd2 Bd6 16. Nhf2 Nh5 17. e4 dxe4 18. fxe4 f4 19. g4 f3 20. e5 Bc7 21. Bf1 c5
22. gxh5 cxd4 23. Re1 Qxh5 24. Bh3 Qg6 25. Kh1 b6 26. Rg1 Bd8 27. Nf4 Rxf4 28.
Bxf4 1-0

[Event "London Classic op"]
[Site "London ENG"]
[Date "2017.12.09"]
[Round "9.19"]
[White "Hambleton, Aman"]
[Black "Sai Agni Jeevitesh, J."]
[Result "1-0"]
[WhiteElo "2474"]
[BlackElo "2384"]
[PlyCount "61"]
[EventDate "2017.12.02"]
[EventType "swiss"]
[EventRounds "9"]
[EventCountry "ENG"]
[Source "Chess Mix"]
[SourceDate "2017.12.20"]

1. c4 e5 2. g3 Nf6 3. Bg2 Nc6 4. Nc3 Bb4 5. e4 O-O 6. Nge2 d6 7. O-O a5 8. d3
h6 9. h3 Nh7 10. f4 exf4 11. gxf4 f5 12. Be3 Bxc3 13. Nxc3 Nf6 14. Qe2 Re8 15.
Rae1 a4 16. Kh2 Ra5 17. Bf3 Qd7 18. Qg2 Nb4 19. Rd1 a3 20. b3 c6 21. Bb6 Ra8
22. Bd4 Qf7 23. c5 d5 24. exd5 cxd5 25. Nb5 Re7 26. Nd6 Qf8 27. Bc3 Nc6 28.
Bxd5+ Be6 29. Bf3 Rd8 30. d4 Ne4 31. Bxe4 1-0

[Event "St Louis inv. GM"]
[Site "Saint Louis USA"]
[Date "2017.11.17"]
[Round "1.5"]
[White "Gurevich, Daniel"]
[Black "Hambleton, Aman"]
[Result "1/2-1/2"]
[WhiteElo "2471"]
[BlackElo "2484"]
[PlyCount "91"]
[EventDate "2017.11.17"]
[EventType "tourn"]
[EventRounds "9"]
[EventCountry "USA"]
[EventCategory "10"]
[Source "Chess Mix"]
[SourceDate "2017.12.01"]

1. d4 Nf6 2. Nf3 e6 3. c4 d5 4. Nc3 Bb4 5. cxd5 exd5 6. Bg5 h6 7. Bh4 O-O 8. e3
Bf5 9. Bd3 Bxd3 10. Qxd3 c6 11. a3 Be7 12. Bxf6 Bxf6 13. h4 g6 14. h5 g5 15.
Ne2 Nd7 16. Ng3 Bg7 17. Nf5 a5 18. Nd2 Re8 19. f3 c5 20. O-O Qb6 21. f4 g4 22.
dxc5 Nxc5 23. Qe2 Qxb2 24. Qxg4 Kh8 25. Rab1 Qf6 26. Rb5 Bf8 27. Rf3 Ne4 28.
Nxe4 dxe4 29. Rg3 Bxa3 30. Rb6 Re6 31. Rxb7 a4 32. Ra7 Ree8 33. Rc7 Bb2 34. Nd6
Qxd6 35. Rxf7 Rg8 36. Qf5 Bg7 37. Rg6 Qxg6 38. hxg6 a3 39. Qh5 Rge8 40. Rxg7
Kxg7 41. Qd5 Kxg6 42. Qd6+ Kf7 43. Qd7+ Kf6 44. Qd4+ Kf7 45. Qd7+ Kf6 46. Qd4+
1/2-1/2

[Event "St Louis inv. GM"]
[Site "Saint Louis USA"]
[Date "2017.11.18"]
[Round "2.1"]
[White "Ashwin, Jayaram"]
[Black "Hambleton, Aman"]
[Result "1-0"]
[WhiteElo "2474"]
[BlackElo "2484"]
[PlyCount "113"]
[EventDate "2017.11.17"]
[EventType "tourn"]
[EventRounds "9"]
[EventCountry "USA"]
[EventCategory "10"]
[Source "Chess Mix"]
[SourceDate "2017.12.01"]

1. d4 Nf6 2. c4 e6 3. g3 c5 4. d5 exd5 5. cxd5 d6 6. Nc3 g6 7. Bg2 Bg7 8. Nf3
O-O 9. O-O Nbd7 10. Bf4 Qe7 11. h3 a6 12. a4 Nh5 13. Bg5 f6 14. Bc1 f5 15. Ng5
f4 16. Ne6 fxg3 17. Nxf8 gxf2+ 18. Rxf2 Nxf8 19. Ra3 Bd4 20. e3 Be5 21. Ne2 Nd7
22. Rf1 Ndf6 23. e4 Bd7 24. Raf3 Rf8 25. Bh6 Rf7 26. b3 Be8 27. Qc2 Nd7 28.
Rxf7 Bxf7 29. Bd2 b5 30. axb5 axb5 31. Bc3 b4 32. Bxe5 Nxe5 33. Nc1 Qg5 34. Qf2
Qe7 35. Qe3 Nf6 36. Nd3 Nfd7 37. Nf4 Kg7 38. Qg3 g5 39. h4 g4 40. h5 h6 41. Qf2
Kh7 42. Ra1 Qg5 43. Ne6 Qxh5 44. Ra6 c4 45. bxc4 b3 46. Rxd6 b2 47. Qxb2 g3 48.
Rxd7 Qd1+ 49. Bf1 Nf3+ 50. Kg2 Ne1+ 51. Kxg3 Qf3+ 52. Kh2 Qh5+ 53. Bh3 Nf3+ 54.
Kg3 Qh4+ 55. Kxf3 Qxh3+ 56. Kf4 Qh4+ 57. Ke3 1-0

[Event "St Louis inv. GM"]
[Site "Saint Louis USA"]
[Date "2017.11.18"]
[Round "3.5"]
[White "Hambleton, Aman"]
[Black "Sturt, Raven"]
[Result "1-0"]
[WhiteElo "2484"]
[BlackElo "2449"]
[PlyCount "95"]
[EventDate "2017.11.17"]
[EventType "tourn"]
[EventRounds "9"]
[EventCountry "USA"]
[EventCategory "10"]
[Source "Chess Mix"]
[SourceDate "2017.12.01"]

1. d4 d5 2. Bf4 Nf6 3. e3 e6 4. Nf3 Bd6 5. Nbd2 O-O 6. c3 b6 7. Bd3 Bb7 8. O-O
c5 9. Bxd6 Qxd6 10. Ne5 Ba6 11. Bxa6 Nxa6 12. f4 Nb8 13. Rf3 Nfd7 14. Rh3 g6
15. Qg4 Qe7 16. Ndf3 Nxe5 17. dxe5 Nd7 18. Ng5 h5 19. Qg3 f5 20. e4 fxe4 21.
Nxe4 Qg7 22. Nd6 Qh6 23. Rf1 Kh7 24. Qe3 c4 25. Rg3 Nc5 26. Rg5 Nd3 27. b3 Rad8
28. h4 Nc5 29. bxc4 dxc4 30. Qe2 Rd7 31. Qxc4 Rfd8 32. Rf3 Rg8 33. Qe2 Rdg7 34.
c4 Rf8 35. Qe3 Kh8 36. Rfg3 Kh7 37. Kh2 Rd8 38. f5 Rdg8 39. f6 Rd7 40. f7 Rf8
41. Qf3 Nb7 42. Rxg6 Qxg6 43. Rxg6 Kxg6 44. Nxb7 Rfxf7 45. Qe4+ Kh6 46. Nd6 Rg7
47. Qe3+ Kh7 48. Ne8 1-0

[Event "St Louis inv. GM"]
[Site "Saint Louis USA"]
[Date "2017.11.19"]
[Round "4.2"]
[White "Sadorra, Julio"]
[Black "Hambleton, Aman"]
[Result "1/2-1/2"]
[WhiteElo "2554"]
[BlackElo "2484"]
[PlyCount "142"]
[EventDate "2017.11.17"]
[EventType "tourn"]
[EventRounds "9"]
[EventCountry "USA"]
[EventCategory "10"]
[Source "Chess Mix"]
[SourceDate "2017.12.01"]

1. d4 Nf6 2. c4 e6 3. Nc3 Bb4 4. Qc2 O-O 5. e4 d5 6. e5 Ne4 7. Bd3 c5 8. Nf3
cxd4 9. Nxd4 Nd7 10. Bf4 Ndc5 11. O-O Bxc3 12. bxc3 Nxd3 13. Qxd3 b6 14. cxd5
Qxd5 15. Rfd1 Nc5 16. Qg3 Qe4 17. Bg5 Bb7 18. Nf3 Qg6 19. Nh4 Qh5 20. Bf6 Qh6
21. f3 Rfe8 22. Bg5 Qh5 23. Bf6 Qh6 24. Qg4 g6 25. Bg5 Qf8 26. Bf6 b5 27. Rd4
Bd5 28. Qf4 Nd7 29. Nf5 exf5 30. Rxd5 Nxf6 31. exf6 Re6 32. Qd4 a6 33. Rd1 h5
34. Qh4 Rae8 35. Qg5 Qa3 36. R5d3 Qc5+ 37. Rd4 Qxc3 38. h4 Qe3+ 39. Qxe3 Rxe3
40. a4 bxa4 41. Kf2 R3e6 42. Rxa4 Rxf6 43. Rd7 Rc6 44. Kg3 Re2 45. Ra7 Rcc2 46.
Rd4 Rxg2+ 47. Kf4 Rgd2 48. Rb4 Rb2 49. Rc4 Rdc2 50. Rd4 Rb8 51. Rdd7 Rf8 52.
Rxa6 Kg7 53. Kg5 Rg2+ 54. Kf4 Rg1 55. Raa7 Rh1 56. Kg5 Rh3 57. Ra6 Rg3+ 58. Kf4
Rg2 59. Raa7 Rb2 60. Ra6 Kh6 61. Ke5 Rb5+ 62. Kf4 Rb4+ 63. Kg3 f4+ 64. Kh3 Rb3
65. Kg2 Rb2+ 66. Kh3 Rf2 67. Rxg6+ Kxg6 68. Rd6+ Kf5 69. Rd5+ Kf6 70. Rd6+ Ke5
71. Rd5+ Kxd5 1/2-1/2

[Event "St Louis inv. GM"]
[Site "Saint Louis USA"]
[Date "2017.11.19"]
[Round "5.5"]
[White "Hambleton, Aman"]
[Black "Bartholomew, John"]
[Result "1/2-1/2"]
[WhiteElo "2484"]
[BlackElo "2442"]
[PlyCount "81"]
[EventDate "2017.11.17"]
[EventType "tourn"]
[EventRounds "9"]
[EventCountry "USA"]
[EventCategory "10"]
[Source "Chess Mix"]
[SourceDate "2017.12.01"]

1. d4 d5 2. Bf4 Nf6 3. e3 Bg4 4. Nf3 e6 5. c4 dxc4 6. Bxc4 Nbd7 7. Qb3 Bxf3 8.
gxf3 Nb6 9. Rg1 Nxc4 10. Qxc4 c6 11. Nc3 Nd5 12. Be5 Nxc3 13. Qxc3 f6 14. Bf4
g5 15. Bg3 Qd5 16. e4 Qb5 17. O-O-O O-O-O 18. f4 g4 19. Bh4 Be7 20. Rxg4 f5 21.
Bxe7 fxg4 22. Bxd8 Rxd8 23. h3 h5 24. hxg4 hxg4 25. Qe3 Rh8 26. f5 Rh3 27. Qf4
Qc4+ 28. Kb1 Qe2 29. Rc1 Rf3 30. Qxg4 exf5 31. exf5 Qd3+ 32. Ka1 Qxf5 33. Qxf5+
Rxf5 34. Rc2 Kd7 35. Kb1 Kd6 36. Rd2 Kd5 37. Kc2 Rf4 38. Kc3 Rf3+ 39. Kc2 Rf4
40. Kc3 Rf3+ 41. Kc2 1/2-1/2

[Event "St Louis inv. GM"]
[Site "Saint Louis USA"]
[Date "2017.11.20"]
[Round "6.3"]
[White "Chirila, Ioan Christian"]
[Black "Hambleton, Aman"]
[Result "1-0"]
[WhiteElo "2557"]
[BlackElo "2484"]
[PlyCount "55"]
[EventDate "2017.11.17"]
[EventType "tourn"]
[EventRounds "9"]
[EventCountry "USA"]
[EventCategory "10"]
[Source "Chess Mix"]
[SourceDate "2017.12.01"]

1. Nf3 b6 2. g3 Bb7 3. Bg2 Nf6 4. O-O g6 5. d4 c5 6. c3 Bg7 7. Qb3 cxd4 8. Ne5
d5 9. cxd4 O-O 10. Nc3 Nc6 11. Rd1 e6 12. Bf4 Nxe5 13. Bxe5 Qd7 14. a4 Bc6 15.
a5 Qb7 16. a6 Qd7 17. e3 Ne8 18. e4 dxe4 19. Bxe4 Bxe4 20. Nxe4 Rc8 21. Nc3 f6
22. Bf4 g5 23. d5 gxf4 24. dxe6 Qc6 25. e7+ Rf7 26. Rd8 f5 27. Qd5 Qc7 28. Nb5
1-0